Online
Catalog

Cuentos hispanoamericanos / (Record no. 2897)

MARC details
000 -CABECERA
campo de control de longitud fija 00759cam a2200229 a 4500
001 - NÚMERO DE CONTROL
campo de control 000003066
005 - FECHA Y HORA DE LA ÚLTIMA TRANSACCIÓN
campo de control 20260417182716.0
008 - DATOS DE LONGITUD FIJA--INFORMACIÓN GENERAL
campo de control de longitud fija 741125s1983 cl 001 i spa
040 ## - FUENTE DE LA CATALOGACIÓN
Centro catalogador/agencia de origen DO-SdBNP
Centro/agencia transcriptor TxComS
Centro/agencia modificador DLC
082 ## - NÚMERO DE LA CLASIFICACIÓN DECIMAL DEWEY
Número de clasificación 863.408
Número de documento/Ítem C965h, 1983
245 00 - MENCIÓN DE TÍTULO
Título Cuentos hispanoamericanos /
Mención de responsabilidad, etc. Selección, prólogo y notas, Mario Rodríguez Fernández.
250 ## - MENCIÓN DE EDICIÓN
Mención de edición 4a ed. corr. y aum.
260 ## - PUBLICACIÓN, DISTRIBUCIÓN, ETC.
Lugar de publicación, distribución, etc. Santiago de Chile :
Nombre del editor, distribuidor, etc. Universitaria,
Fecha de publicación, distribución, etc. 1983.
300 ## - DESCRIPCIÓN FÍSICA
Extensión 279 p. ;
Dimensiones 19 cm.
440 #0 - MENCIÓN DE SERIE/PUNTO DE ACCESO ADICIONAL--TÍTULO
Título Antologías
9 (RLIN) 9677
650 #4 - PUNTO DE ACCESO ADICIONAL DE MATERIA--TÉRMINO DE MATERIA
Término de materia o nombre geográfico como elemento de entrada Cuentos hispanoamericanos
9 (RLIN) 9678
650 #0 - PUNTO DE ACCESO ADICIONAL DE MATERIA--TÉRMINO DE MATERIA
Término de materia o nombre geográfico como elemento de entrada Literatura hispanoamericana
9 (RLIN) 318
700 1# - PUNTO DE ACCESO ADICIONAL--NOMBRE DE PERSONA
Nombre de persona Rodríguez Fernández, Mario,
Término indicativo de función/relación comp.
9 (RLIN) 9679
910 ## - DATOS DE OPCIÓN DEL USUARIO (OCLC)
Datos de opción del usuario Catalogación por copia / LC
910 ## - DATOS DE OPCIÓN DEL USUARIO (OCLC)
Datos de opción del usuario Jornada de catalogación
910 ## - DATOS DE OPCIÓN DEL USUARIO (OCLC)
Datos de opción del usuario WM
Holdings
Estado de retiro Estado de pérdida Restricciones de uso No para préstamo Código de colección Localización permanente Ubicación/localización actual Ubicación en estantería Fecha de adquisición Número de inventario Total de préstamos Signatura topográfica completa Código de barras Fecha visto por última vez Precio válido a partir de Tipo de ítem Koha
    Préstamo interno   Monografías: Libros y Folletos General General Depósito 06.07.2009 LF1   863.408 C965h, 1983 3066-10 25.06.2020 25.06.2020 Préstamo interno

Powered by Koha